000 02084cam a22004814i 4500
003 PE-LiUPU
005 20250731172756.0
008 150617s r 000 0 d
035 _a(Sirsi) a12774
040 _aPE-LiUPU
_bspa
_cPE-LiUPU
_erda
049 _aPRUA
082 0 4 _a253.09
_bG81
_221
100 1 _aGrelot, Pierre,
_eautor.
245 1 3 _aEl ministerio de la nueva alianza /
_cPierre Grelot.
264 1 _aBarcelona :
_bEditorial Herder,
_c1969.
300 _a206 páginas ;
_c19 cm.
336 _atext
_2rdacontent
337 _aunmediated
_2rdamedia
338 _avolume
_2rdacarrier
505 0 _aEl sacerdocio antiguo al sacerdocio de Cristo: Los datos del Antiguo Testamento -- Los datos del Nuevo Testamento. Ministerio en el nuevo testamento: La estructura del ministerio -- Las funciones de los ministros -- ¿De dónde emanan los ministerios? -- La interpretación sacerdotal del ministerio. Estudios Anejos: Las mujeres y el sacramento del orden -- Espiritualidad levítica y espiritualidad clerical.
526 _aSEG42
526 _aSEG41
526 _aSEG40
526 _aSEG39
526 _aP94
526 _aP87
526 _aP86
526 _aP85
526 _aP77
526 _aP76
526 _aP35
650 0 4 _aSacerdocio.
910 _ajck
_bjvq
_cjck
_d20150616
942 _2ddc
_cBOOK
949 _a234.1 G81
_wDEWEY
_c2
_i30841
_lCCODEBUL1
_mBUL
_p00.00
_r0
_sY
_tBOOK
_u19891120
_xTEOLOGIA
_PP35
_0COMPRA
_o.STAFF. Colección general
949 _a253.09 G81
_wDEWEY
_c1
_i37696
_lCCODEBUL1
_mBUL
_p00.00
_r0
_sY
_tBOOK
_u2015-04-21
_xTEOLOGIA
_PP35
_0COMPRA
_o.STAFF. Colección General
994 _aC0
_bPEPRU
596 _a1
999 _a234.1 G81
_wDEWEY
_c3069
_i30841
_f2021-11-10
_g5
_lCCODEBUL1
_mBUL
_r0
_sY
_tBOOK
_u2015-6-17
_xTEOLOGIA
_PP35
_0COMPRA
_o.STAFF. Colección general
_d3069
999 _a253.09 G81
_wDEWEY
_c1
_i37696
_f2021-11-12
_g5
_lCCODEBUL1
_mBUL
_r0
_sY
_tBOOK
_u2015-4-21
_xTEOLOGIA
_PP35
_0COMPRA
_o.STAFF. Colección General
980 _81
_gALBERTO SANCHEZ Responsable de Automatización